| 000 | 01057nam a22002657i 4500 | ||
|---|---|---|---|
| 003 | EG-ScBUE | ||
| 005 | 20221120034118.0 | ||
| 008 | 220731s1998 ua o f 000 0 ara d | ||
| 040 |
_aEG-ScBUE _bara _erda _cEG-ScBUE _dEG-ScBUE |
||
| 043 | _ama----- | ||
| 082 | 0 | 4 |
_222 _a791.430904 _bد ر و |
| 100 | 1 |
_aدرويش، قصي صالح، _eمؤلف. |
|
| 245 | 1 | 0 |
_aعن السينما العربية : _bقراءات نقدية فى افلام التسعينات / _cقصي صالح درويش. |
| 264 | 1 |
_aالقاهرة : _bالهيئة العامة لقصور الثقافة، _c[1998] |
|
| 300 |
_a204 صفحة : _bصور ؛ _c24 سم. |
||
| 336 |
_2rdacontent _aنص _btxt |
||
| 337 |
_2rdamedia _aبدون وسيط _bn |
||
| 338 |
_2rdacarrier _aمجلد _bnc |
||
| 490 | 0 | _aآفاق السينما | |
| 650 | 7 |
_aالسينما _zالدول العربية. _2BUEsh |
|
| 650 | 7 |
_aالأفلام السينمائية _zالدول العربية. _2BUEsh |
|
| 653 |
_bART _cNovember2022 |
||
| 655 | _vReading book | ||
| 942 | _2ddc | ||
| 999 |
_c29984 _d29955 |
||